000 00660nam a2200217 a 4500
999 _c11915
_d11915
001 11915
003 BD-JhCC
005 20220727134023.0
008 201128b20152018bg |||| ||a| 00| 0 ben d
035 _a(BD-JhCC)11915
040 _aBD-JhCC
_dBD-JhCC
041 _aben
082 _a297.09
_bHAF 2018
100 _aহাফিজ, আসাদ বিন
245 _aক্রুসেড সমগ্র /
_cআসাদ বিন হাফিজ ।
260 _aঢাকা:
_bঅরণ্য প্রকাশনী;
_c২০১৮.
300 _a796 p. :
_c22 cm.
650 _aIslamic History
_zNovel
942 _2ddc
_cBK
_021